La réponse est (presque) une ville française - Statistiques

Statistiques générales
  • Ce quiz a été pris 15 823 fois
  • Le résultat moyen est 12 sur 20
Statistiques - réponses
Indice Région Réponse % Correct
Roi de la jungle Auvergne-Rhône-Alpes Lyon
95%
Femme du roi Bretagne Rennes
84%
Cérémonie chrétienne du dimanche Grand-Est Metz
82%
Femelle du canard PACA Cannes
69%
Le dictionnaire en est rempli Île-de-France Meaux
69%
S'oppose à l'amont Pays-de-la-Loire Laval
68%
Avant aujourd'hui PACA Hyères
66%
Question sur le temps Normandie Caen
62%
Ville antique théâtre d'une guerre relatée dans L'Illiade Grand-Est Troyes
62%
Lorsque l'on n'a ni mangé ni bu Nouvelle-Aquitaine Agen
61%
Dans une expression on en manque quand on n'a pas de chance Nouvelle-Aquitaine Pau
57%
Prénom communs aux acteurs Perkins, Hopkins et au footballeur Martial Île-de-France Antony
56%
Organe abdominal sécrétant la bile Occitanie Foix
56%
N'est pas rapide Hauts-de-France Laon
56%
Lorsque le moteur d'une voiture stoppe net et que celle-ci s'arrête Hauts-de-France Calais
53%
Déterminant démonstratif Occitanie Sète
50%
Se trouve à l'Est Bretagne Lorient
41%
1/3 Auvergne-Rhône-Alpes Thiers
40%
Synonyme de "parle" et de "exprime" Auvergne-Rhône-Alpes Die
30%
Résultat de l'opération faite grâce aux 4 dernières réponses Hauts-de-France Saint-Quentin
20%
Aucun quiz correspondant
Distribution des résultats
% des personnes avec chaque résultat
Percentile par nombre de réponses
Votre historique - résultats
Vous n’avez pas pris ce quiz